|
|
|
|
| LEADER |
01620nam a2200325 u 4500 |
| 001 |
10024231 |
| 003 |
upatras |
| 005 |
20210225122253.0 |
| 008 |
950907s1989 us eng |
| 020 |
|
|
|a 0471827282
|
| 040 |
|
|
|a GR-PaULI
|c GR-PaULI
|
| 041 |
0 |
|
|a eng
|
| 082 |
0 |
4 |
|a 531.11
|
| 100 |
1 |
|
|a Tabor, Michael
|9 150509
|
| 245 |
1 |
0 |
|a Chaos and integrability in nonlinear dynamics
|b an introduction
|c Michael Tabor
|
| 260 |
|
|
|a New York
|b John Wiley & Sons
|c 1989
|
| 300 |
|
|
|a xiii, 364 p.
|b fig.
|c 25 cm.
|
| 504 |
|
|
|a Includes references and index
|
| 650 |
|
4 |
|a Δυναμικά συστήματα
|9 394
|
| 650 |
|
4 |
|a Μη γραμμικά συστήματα
|9 29076
|
| 650 |
|
4 |
|9 2083
|a Χαοτική συμπεριφορά συστημάτων
|
| 852 |
|
|
|a GR-PaULI
|b ΠΑΤΡΑ
|b ΒΚΠ
|b ΒΣ1
|k ΑΣΧΞ
|h 531.11 T
|m 38680
|p 025000098250
|t 1
|
| 852 |
|
|
|a GR-PaULI
|b ΠΑΤΡΑ
|b ΒΚΠ
|b ΒΣ1
|k ΑΣΧΞ-12
|h 003.857 TAB
|m 074525
|p 025000120027
|t 3
|
| 852 |
|
|
|a GR-PaULI
|b ΠΑΤΡΑ
|b ΦΥΣΙΚΟ
|k ΑΕΧ-1
|h 531.3 TAB
|m 04160
|p 025000018831
|t 2
|
| 942 |
|
|
|2 ddc
|c BK15
|
| 952 |
|
|
|0 0
|1 0
|4 0
|6 531_110000000000000_T
|7 0
|9 193274
|a LISP
|b LISP
|c BSC
|d 2016-04-24
|i 38680
|l 0
|o 531.11 T
|p 025000098250
|r 2016-04-24 00:00:00
|t 1
|w 2016-04-24
|y BK15
|
| 952 |
|
|
|0 0
|1 0
|4 0
|6 003_857000000000000_TAB
|7 0
|9 193275
|a LISP
|b LISP
|c BSC
|d 2016-04-24
|i 074525
|l 0
|o 003.857 TAB
|p 025000120027
|r 2016-04-24 00:00:00
|t 3
|w 2016-04-24
|y BK15
|
| 952 |
|
|
|0 0
|1 0
|4 0
|6 531_300000000000000_TAB
|7 0
|9 193276
|a PHYS
|b PHYS
|d 2016-04-24
|i 04160
|l 0
|o 531.3 TAB
|p 025000018831
|r 2016-04-24 00:00:00
|t 2
|w 2016-04-24
|y BK15
|
| 998 |
|
|
|c ΔΡΑΚΟΠΟΥΛΟΥ
|d 1999-08
|
| 999 |
|
|
|c 118505
|d 118505
|